Las Elecciones presidenciales de el Ecuador /
Wedi'i Gadw mewn:
| Prif Awdur: | |
|---|---|
| Awduron Eraill: | |
| Fformat: | Texto |
| Cyhoeddwyd: |
Quito:
FLACSO
|
| Tagiau: |
Ychwanegu Tag
Dim Tagiau, Byddwch y cyntaf i dagio'r cofnod hwn!
|
MARC
| LEADER | 00000 a a2200000 04500 | ||
|---|---|---|---|
| 001 | 23483 | ||
| 003 | |||
| 040 | |||
| 090 | |a 162200 | ||
| 100 | |a Larrea Maldonado, Carlos | ||
| 245 | |a Las Elecciones presidenciales de el Ecuador / |c Carlos Larrea Maldonado | ||
| 260 | |a Quito: |b FLACSO | ||
| 300 | |a 43 p; n. 2 |b **no definido** |b fonodiscos | ||
| 700 | |a Sommaruga, Silvia | ||
| 999 | |c 9565 |d 9565 | ||
